000 00658nam a2200241Ia 4500
003 OSt
005 20221007082314.0
006 a|||||r|||| 00| 0
007 ta
008 221006b |||||||| |||| 00| 0 eng d
024 _a23,786
037 _cReports / Technical Reports
040 _aFLL
_cFLL
_beng
041 _2eng
_aeng
082 _aZ2:94qN72t, L2.2
110 _aGovt. of India
245 0 _aJoint Committee on the Indian penal code amendment bill,1972
260 _c1972
300 _ax,477p
_ccm.
700 _aGovt. of India
942 _hZ2:94qN72t, L2.2
_cREP
_2CC
999 _c1165995
_d1165995